000 00335nam a2200145Ia 4500
008 230718s9999 xx 000 0 und d
041 _aEng.
082 _a346.549
_bD' -E
100 _aD' SA , Rose M.
245 0 _aEuropean Community law
260 _aPakistan
_bSweet and
_c1998
300 _a472
650 _aLaw
999 _c29491
_d29491